10 Biggest Cities by Letter - Statistics

General Stats
  • This quiz has been taken 51 times
    26 since last reset
  • The average score is 90 of 260
Answer Stats
Hint Answer % Correct
J 29,800,000 Jakarta
92%
B 21,800,000 Beijing
85%
C 9,800,000 Chicago
77%
G 73,600,000 Guangzhou
77%
K 16,900,000 Kinshasa
77%
K 18,100,000 Kolkata
77%
L 21,900,000 Lagos
77%
M 28,100,000 Mumbai
77%
S 22,700,000 Sao Paulo
77%
S 42,300,000 Shanghai
77%
T 41,300,000 Tokyo
77%
A 7,050,000 Accra
69%
A 10,200,000 Ahmedabad
69%
B 15,300,000 Bangalore
69%
B 22,400,000 Bangkok
69%
B 17,000,000 Buenos Aires
69%
C 5,200,000 Cape Town
69%
D 6,900,000 Dar es Salaam
69%
D 36,900,000 Delhi
69%
D 23,700,000 Dhaka
69%
J 15,100,000 Johannesburg
69%
L 15,000,000 Lahore
69%
L 15,400,000 London
69%
L 17,400,000 Los Angeles
69%
M 7,000,000 Madrid
69%
M 25,600,000 Mexico City
69%
N 22,600,000 New York City
69%
O 17,700,000 Osaka
69%
P 11,600,000 Paris
69%
T 17,200,000 Tehran
69%
X 13,700,000 Xi'an
69%
A 7,300,000 Abidjan
62%
A 4,950,000 Addis Ababa
62%
A 6,350,000 Alexandria
62%
A 5,250,000 Ankara
62%
B 10,800,000 Bogota
62%
C 23,200,000 Cairo
62%
C 18,300,000 Chengdu
62%
C 13,300,000 Chennai
62%
C 13,200,000 Chongqing
62%
D 6,650,000 Dubai
62%
H 7,550,000 Hanoi
62%
I 16,200,000 Istanbul
62%
K 21,800,000 Karachi
62%
K 9,750,000 Kuala Lumpur
62%
L 12,200,000 Lima
62%
L 10,400,000 Luanda
62%
M 6,700,000 Miami
62%
M 19,100,000 Moscow
62%
S 8,600,000 Santiago
62%
S 25,400,000 Seoul
62%
T 10,200,000 Taipei
62%
T 8,300,000 Toronto
62%
U 1,660,000 Ulaanbaatar
62%
U 5,150,000 Urumqi
62%
V 3,325,000 Vancouver
62%
W 12,900,000 Wuhan
62%
B 7,050,000 Bandung
54%
C 5,150,000 Chittagong
54%
D 4,375,000 Dakar
54%
D 8,100,000 Dallas
54%
H 14,700,000 Ho Chi Minh City
54%
H 7,550,000 Houston
54%
H 12,100,000 Hyderabad
54%
J 4,650,000 Jaipur
54%
K 5,450,000 Kabul
54%
L 4,325,000 Lucknow
54%
M 5,450,000 Melbourne
54%
M 6,550,000 Milan
54%
N 7,150,000 Nairobi
54%
P 3,050,000 Pyongyang
54%
Q 2,925,000 Quito
54%
R 13,600,000 Rio de Janeiro
54%
T 11,800,000 Tianjin
54%
A 4,400,000 Algiers
46%
A 6,250,000 Atlanta
46%
B 8,000,000 Baghdad
46%
B 5,950,000 Bamako
46%
B 5,350,000 Belo Horizonte
46%
B 7,850,000 Boston
46%
C 11,600,000 Changsha
46%
D 4,050,000 Damascus
46%
G 3,400,000 Guatemala City
46%
G 3,425,000 Guayaquil
46%
H 2,900,000 Hamburg
46%
H 7,500,000 Hong Kong
46%
J 4,000,000 Jeddah
46%
K 6,950,000 Kunming
46%
M 27,100,000 Manila
46%
N 10,500,000 Nagoya
46%
N 9,750,000 Nanjing
46%
O 1,290,000 Oslo
46%
Q 7,900,000 Qingdao
46%
R 7,900,000 Riyadh
46%
R 3,450,000 Rome
46%
S 7,700,000 San Francisco
46%
S 8,150,000 Singapore
46%
S 8,400,000 Surat
46%
V 2,400,000 Vienna
46%
W 8,800,000 Washington
46%
X 15,800,000 Xiamen
46%
A 6,300,000 Amman
38%
A 3,575,000 Athens
38%
C 5,000,000 Colombo
38%
D 5,550,000 Dalian
38%
D 3,975,000 Durban
38%
E 912,000 Edinburgh
38%
E 1,640,000 Edmonton
38%
F 4,200,000 Faisalabad
38%
F 3,225,000 Frankfurt
38%
F 2,875,000 Fukuoka
38%
F 4,875,000 Fuzhou
38%
H 14,700,000 Hangzhou
38%
H 8,250,000 Hefei
38%
I 3,475,000 Ibadan
38%
I 3,875,000 Indore
38%
I 3,475,000 Isfahan
38%
I 3,025,000 Izmir
38%
J 2,200,000 Jacksonville
38%
K 5,350,000 Kampala
38%
K 5,550,000 Kano
38%
N 4,075,000 Naples
38%
P 7,650,000 Philadelphia
38%
Q 1,480,000 Qom
38%
R 4,100,000 Recife
38%
S 8,950,000 Shenyang
38%
U 1,240,000 Ufa
38%
W 2,475,000 Warsaw
38%
Y 1,610,000 Yerevan
38%
D 5,850,000 Detroit
31%
E 1,240,000 Erbil
31%
F 3,825,000 Fortaleza
31%
G 2,100,000 George Town
31%
G 6,000,000 Guadalajara
31%
I 2,150,000 Indianapolis
31%
L 3,650,000 Lanzhou
31%
N 7,750,000 Ningbo
31%
O 1,670,000 Oran
31%
O 1,460,000 Ottawa
31%
P 3,025,000 Phnom Penh
31%
P 8,250,000 Pune
31%
R 3,500,000 Rotterdam
31%
T 2,850,000 Taichung
31%
T 5,150,000 Tampa
31%
T 4,075,000 Tashkent
31%
T 3,050,000 Tel Aviv
31%
Y 4,900,000 Yangon
31%
Y 3,900,000 Yaounde
31%
E 1,040,000 El Paso
23%
F 1,330,000 Fes
23%
H 5,600,000 Harbin
23%
J 6,950,000 Jinan
23%
K 3,750,000 Kanpur
23%
M 6,300,000 Monterrey
23%
N 5,600,000 Nanning
23%
O 3,550,000 Ouagadougou
23%
P 3,000,000 Patna
23%
P 5,050,000 Phoenix
23%
P 3,950,000 Porto Alegre
23%
Q 900,000 Quebec City
23%
Q 1,790,000 Quetta
23%
R 2,150,000 Rabat
23%
R 5,800,000 Rawalpindi
23%
T 6,300,000 Taiyuan
23%
V 1,990,000 | 2,125,000 Valencia
23%
V 2,175,000 Varanasi
23%
W 7,100,000 Wenzhou
23%
W 758,000 Winnipeg
23%
X 3,225,000 Xuzhou
23%
Y 2,625,000 Yantai
23%
Z 10,500,000 Zhengzhou
23%
Z 4,050,000 Zibo
23%
Z 1,530,000 Zurich
23%
C 5,300,000 Changchun
15%
E 920,000 Eskisehir
15%
E 1,210,000 Ezhou
15%
F 1,460,000 Freetown
15%
G 2,175,000 Ganzhou
15%
G 2,550,000 Goiania
15%
G 5,350,000 Guiyang
15%
G 3,575,000 Gujranwala
15%
K 4,825,000 Kuwait City
15%
L 4,725,000 Linyi
15%
L 3,825,000 Luoyang
15%
M 6,350,000 Manchester
15%
N 3,625,000 Nagpur
15%
O 1,230,000 Oklahoma City
15%
O 1,130,000 Omsk
15%
O 4,025,000 Orlando
15%
P 3,150,000 Port-au-Prince
15%
P 4,375,000 Puebla
15%
R 2,300,000 Rajkot
15%
R 1,910,000 Raleigh
15%
S 8,100,000 Shantou
15%
S 6,600,000 Shijiazhuang
15%
U 435,000 Ulan-Ude
15%
U 1,070,000 Ulsan
15%
V 2,500,000 Vadodara
15%
V 1,660,000 Virginia Beach
15%
V 2,550,000 Visakhapatnam
15%
Y 1,790,000 Yogyakarta
15%
Z 2,700,000 Zhuhai
15%
E 900,000 East London
8%
E 1,040,000 Enugu
8%
E 475,000 Erzurum
8%
F 1,290,000 Florianopolis
8%
F 1,000,000 Fresno
8%
F 1,440,000 Fuyang
8%
G 1,990,000 Gaza
8%
H 3,000,000 Handan
8%
I 1,190,000 Ilorin
8%
I 889,000 Ipoh
8%
I 1,090,000 Irbid
8%
I 623,000 Izhevsk
8%
J 1,860,000 Jamshedpur
8%
J 3,275,00 Jiangyin
8%
J 1,930,000 Jining
8%
N 5,250,000 Nanchang
8%
N 3,575,000 Nantong
8%
O 2,175,000 Okayama
8%
O 1,250,000 Onitsha
8%
Q 1,370,000 Qingyuan
8%
Q 1,790,000 Qinhuangdao
8%
Q 1,030,000 Qiqihar
8%
Q 1,810,000 Queretaro
8%
R 1,670,000 Ranchi
8%
U 762,000 Uberlandia
8%
V 2,450,000 Vijayawada
8%
W 3,375,000 Weifang
8%
W 1,880,000 Wuhu
8%
X 978,000 Xiangtan
8%
X 1,830,000 Xiangyang
8%
X 1,730,000 Xingtai
8%
X 2,300,000 Xining
8%
X 2,725,000 Xinxiang
8%
X 1,430,000 Xuchang
8%
Y 2,750,000 Yiwu
8%
Z 1,480,000 Zhangjiakou
8%
E 444,000 Ensenada
0%
J 2,300,000 Jiaxing
0%
Q 1,170,000 Qujing
0%
U 475,000 Udaipur
0%
U 515,000 Ujjain
0%
U 623,000 Ulyanovsk
0%
U 514,000 Utsunomiya
0%
V 1,880,000 Vitoria
0%
W 1,210,000 Wanzhou
0%
W 1,130,000 Warangal
0%
W 1,550,000 Weihai
0%
X 1,240,000 Xinyang
0%
Y 1,480,000 Yancheng
0%
Y 2,375,000 Yangzhou
0%
Y 2,575,000 Yinchuan
0%
Y 1,600,000 Yulin
0%
Z 1,950,000 Zaozhuang
0%
Z 1,940,000 Zhanjiang
0%
Z 1,190,000 Zhaoqing
0%
Z 1,230,000 Zhenjiang
0%
Z 2,050,000 Zunyi
0%
No matching quizzes found
Score Distribution
Percent of People with Each Score
Percentile by Number Answered
Your Score History
You have not taken this quiz since the last reset